[Event "EU-ch Online U2300 Qual"]
[Site "Chess.com INT"]
[Date "2020.05.25"]
[Round "1"]
[White "Borkovec, Milan"]
[Black "Rozgonyi, Aron"]
[Result "1-0"]
[WhiteElo "2219"]
[BlackElo "2117"]
[PlyCount "63"]
[EventDate "2020.05.25"]
[EventType "swiss"]
[EventRounds "8"]
[EventCountry "NET"]
[SourceTitle "EXT 2021"]
[Source "ChessBase"]
[SourceDate "2020.10.23"]
[SourceVersion "1"]
[SourceVersionDate "2020.10.23"]
[SourceQuality "1"]

1. e4 e5 2. Nf3 Nc6 3. d4 exd4 4. Bc4 d6 5. Nxd4 Nf6 6. Nc3 Be7 7. 0-0 0-0 8. Re1 a6 9. a4 Bg4 10. f3 Bh5 11. b3 Qd7 12. Nf5 Rfe8 13. Nxe7+ Qxe7 14. Bb2 Rad8 15. Qd2 Bg6 16. Rad1 Ne5 17. Bf1 h6 18. Qf2 Nc6 19. Nd5 Qe6 20. Bxf6 gxf6 21. Nxc7 Qe7 22. Nxe8 Rxe8 23. Bc4 Ne5 24. Bd5 Qc7 25. c4 Kh8 26. h3 Rg8 27. Kh2 f5 28. f4 Nc6 29. Qh4 Kh7 30. exf5 Bxf5 31. Be4 Bg6 32. Rd5 1-0

[Event "EU-ch Online U2300 Qual"]
[Site "Chess.com INT"]
[Date "2020.05.25"]
[Round "7"]
[White "Ibrahimli, Murad Sultanali"]
[Black "Rozgonyi, Aron"]
[Result "1/2-1/2"]
[WhiteElo "2436"]
[BlackElo "2117"]
[PlyCount "145"]
[EventDate "2020.05.25"]
[EventType "swiss"]
[EventRounds "8"]
[EventCountry "NET"]
[SourceTitle "EXT 2021"]
[Source "ChessBase"]
[SourceDate "2020.10.23"]
[SourceVersion "1"]
[SourceVersionDate "2020.10.23"]
[SourceQuality "1"]

1. d4 d5 2. c4 c6 3. Nf3 Nf6 4. e3 Bf5 5. Nc3 e6 6. Be2 Bd6 7. Nh4 Bg6 8. Nxg6 hxg6 9. h3 Nbd7 10. Qc2 Qc7 11. Bd2 Rc8 12. b3 g5 13. 0-0-0 Bb4 14. Kb1 Qa5 15. Rc1 c5 16. Rhd1 0-0 17. Nb5 cxd4 18. Bxb4 Qxb4 19. Rxd4 e5 20. Rdd1 a6 21. Nc3 dxc4 22. Qb2 cxb3 23. Qxb3 Qxb3+ 24. axb3 Nc5 25. Kb2 Nce4 26. Nxe4 Nxe4 27. Rxc8 Rxc8 28. f3 Nf6 29. Rd6 Kf8 30. e4 Ke7 31. Rb6 Rc7 32. Rb4 b5 33. Bxb5 axb5 34. Rxb5 Nd7 35. b4 f6 36. Kb3 Kd6 37. Rd5+ Kc6 38. b5+ Kb6 39. Kb4 Kb7 40. g3 Nb6 41. Rd8 Nc4 42. h4 gxh4 43. gxh4 Ne3 44. Ka5 Ng2 45. h5 Ne1 46. Rd6 Nxf3 47. h6 gxh6 48. Rxf6 Ng5 49. Rb6+ Kc8 50. Rxh6 Nxe4 51. Re6 Nd2 52. b6 Rc1 53. Kb5 Nf3 54. Re8+ Kb7 55. Rh8 e4 56. Rh7+ Kb8 57. Ka6 Ra1+ 58. Kb5 Rb1+ 59. Ka6 Ra1+ 60. Kb5 Rb1+ 61. Ka6 Rc1 62. Rb7+ Kc8 63. Rh7 Kb8 64. Rh8+ Rc8 65. Rxc8+ Kxc8 66. Ka7 Kd7 67. b7 Nd4 68. b8N+ Kd6 69. Na6 e3 70. Nb4 e2 71. Nd3 Kd5 72. Nf4+ Ke4 73. Nxe2 1/2-1/2

[Event "EU-ch Online U2300 Qual"]
[Site "Chess.com INT"]
[Date "2020.05.25"]
[Round "4"]
[White "Rozgonyi, Aron"]
[Black "Olsen, Filip Boe"]
[Result "1-0"]
[WhiteElo "2117"]
[BlackElo "2353"]
[PlyCount "155"]
[EventDate "2020.05.25"]
[EventType "swiss"]
[EventRounds "8"]
[EventCountry "NET"]
[SourceTitle "EXT 2021"]
[Source "ChessBase"]
[SourceDate "2020.10.23"]
[SourceVersion "1"]
[SourceVersionDate "2020.10.23"]
[SourceQuality "1"]

1. e4 c5 2. Nf3 d6 3. d4 cxd4 4. Nxd4 Nf6 5. Nc3 a6 6. Be2 e5 7. Nf3 h6 8. 0-0 Be6 9. Be3 Be7 10. h3 0-0 11. Qd2 Nbd7 12. Rad1 b5 13. a3 Rc8 14. Nh2 Nb6 15. Ng4 Nxg4 16. hxg4 Nc4 17. Bxc4 Rxc4 18. f3 Qc7 19. Rf2 Rc8 20. g3 g5 21. Nd5 Bxd5 22. Qxd5 Rxc2 23. Rxc2 Qxc2 24. Rc1 Qxc1+ 25. Bxc1 Rxc1+ 26. Kf2 Rc2+ 27. Kf1 Rxb2 28. Qb7 Kf8 29. Qxa6 Rb3 30. Ke2 Rb2+ 31. Ke3 Rb3+ 32. Ke2 Rb2+ 33. Kf1 Kg7 34. Qb7 Bf8 35. a4 b4 36. Ke1 b3 37. Qb5 Be7 38. Kd1 Bd8 39. Kc1 Rc2+ 40. Kb1 Rc3 41. Qb4 Rd3 42. Kb2 Kf8 43. a5 Bxa5 44. Qxa5 Kg7 45. Qd8 Kg6 46. Qd7 Kg7 47. Qe7 Kg6 48. Qf8 Rxf3 49. Qxd6+ Rf6 50. Qxe5 Re6 51. Qf5+ Kg7 52. Kxb3 Re7 53. e5 Re6 54. Kc4 Rg6 55. Kd5 Rb6 56. Qf2 Rg6 57. Qf5 Rb6 58. Qc8 Rg6 59. Ke4 Re6 60. Kf5 Rg6 61. Qc3 Re6 62. Qd4 Kg8 63. Qd7 Rg6 64. Qc8+ Kg7 65. Qe8 Rb6 66. Qe7 Rg6 67. Qc5 Re6 68. Qc3 Kg8 69. Qc8+ Kg7 70. Qxe6 fxe6+ 71. Kxe6 Kf8 72. Kf6 Ke8 73. e6 Kf8 74. e7+ Ke8 75. Ke6 h5 76. gxh5 g4 77. Kf6 Kd7 78. Kf7 1-0

[Event "EU-ch Online U2300 Qual"]
[Site "Chess.com INT"]
[Date "2020.05.25"]
[Round "3"]
[White "Toczek, Grzegorz"]
[Black "Rozgonyi, Aron"]
[Result "0-1"]
[WhiteElo "2271"]
[BlackElo "2117"]
[PlyCount "98"]
[EventDate "2020.05.25"]
[EventType "swiss"]
[EventRounds "8"]
[EventCountry "NET"]
[SourceTitle "EXT 2021"]
[Source "ChessBase"]
[SourceDate "2020.10.23"]
[SourceVersion "1"]
[SourceVersionDate "2020.10.23"]
[SourceQuality "1"]

1. e4 e5 2. Nf3 Nc6 3. Nc3 Nf6 4. d4 exd4 5. Nxd4 d6 6. Nxc6 bxc6 7. Bd3 Be7 8. 0-0 0-0 9. Ne2 d5 10. Ng3 Bd6 11. exd5 cxd5 12. Nf5 Bxf5 13. Bxf5 Re8 14. Qf3 c6 15. Bg5 h6 16. Bh4 Be5 17. Rab1 Qd6 18. Bg3 Bxg3 19. hxg3 Rab8 20. b3 g6 21. Bd3 Kg7 22. Qf4 Qxf4 23. gxf4 Ne4 24. Bxe4 Rxe4 25. g3 Rbe8 26. Rbc1 Re2 27. Rfd1 g5 28. fxg5 hxg5 29. Kg2 a5 30. Rd4 R2e4 31. Rcd1 Kf6 32. c4 Rxd4 33. Rxd4 Re4 34. Rd2 dxc4 35. Rd6+ Re6 36. Rd4 cxb3 37. axb3 Ke7 38. Kf3 f5 39. Ra4 Re5 40. b4 axb4 41. Rxb4 c5 42. Rb8 Re4 43. Rb6 g4+ 44. Kg2 Re6 45. Rb7+ Kd6 46. Rf7 c4 47. Rxf5 c3 48. Ra5 Re1 49. Ra1 Rxa1 0-1

[Event "HUN-chT2 Erkel 1112"]
[Site "Hungary"]
[Date "2011.11.13"]
[Round "3.4"]
[White "Rozgonyi, Aron"]
[Black "Trajber, Csaba"]
[Result "0-1"]
[WhiteElo "2163"]
[BlackElo "2095"]
[PlyCount "59"]
[EventDate "2011.09.25"]
[EventType "team-tourn"]
[EventRounds "11"]
[EventCountry "HUN"]
[SourceTitle "EXT 2013"]
[Source "ChessBase"]
[SourceDate "2012.11.22"]
[SourceVersion "1"]
[SourceVersionDate "2012.11.22"]
[SourceQuality "1"]
[WhiteTeam "Dunaharaszti"]
[BlackTeam "Vaci"]
[WhiteTeamCountry "HUN"]
[BlackTeamCountry "HUN"]

1. e4 c5 2. Nf3 d6 3. d4 cxd4 4. Nxd4 Nf6 5. Nc3 a6 6. Bc4 e6 7. a4 Be7 8. 0-0 0-0 9. Be3 Qc7 10. Qe2 Nc6 11. h3 b6 12. g4 Ne5 13. Ba2 Bb7 14. f3 Rfe8 15. Rad1 Bf8 16. Qh2 Nc4 17. Bc1 Rac8 18. g5 Nh5 19. Rfe1 Qc5 20. Kh1 d5 21. e5 g6 22. f4 Qb4 23. Bb3 Na5 24. Ba2 Bc5 25. Nb3 d4+ 26. Ne4 Qxa4 27. Nxa5 Qxa5 28. Bc4 Bb4 29. c3 dxc3 30. Be2 0-1

[Event "HUN-chT2 Erkel 1011"]
[Site "Hungary"]
[Date "2011.04.10"]
[Round "8.3"]
[White "Rozgonyi, Aron"]
[Black "Morvay, Miklos"]
[Result "1/2-1/2"]
[WhiteElo "2166"]
[BlackElo "2195"]
[PlyCount "139"]
[EventDate "2010.09.12"]
[EventType "team-tourn"]
[EventRounds "11"]
[EventCountry "HUN"]
[SourceTitle "EXT 2012"]
[Source "ChessBase"]
[SourceDate "2011.11.24"]
[SourceVersion "1"]
[SourceVersionDate "2011.11.24"]
[SourceQuality "1"]
[WhiteTeam "Dunaharaszti II"]
[BlackTeam "Budapest MTK"]
[WhiteTeamCountry "HUN"]
[BlackTeamCountry "HUN"]

1. e4 e5 2. Nf3 Nc6 3. Bc4 Nf6 4. 0-0 Bc5 5. c3 d6 6. d4 Bb6 7. dxe5 Nxe5 8. Nxe5 dxe5 9. Qxd8+ Kxd8 10. Bg5 Ke7 11. Nd2 h6 12. Bh4 Bg4 13. Nf3 g5 14. Bg3 Bxf3 15. gxf3 Nd7 16. Rad1 f6 17. Rd2 Rhd8 18. Rfd1 Nf8 19. h4 c6 20. Rxd8 Rxd8 21. Rxd8 Bxd8 22. Kg2 Ng6 23. Kh3 h5 24. Bg8 Bc7 25. Bc4 Nf8 26. Bh2 b5 27. Bb3 Ne6 28. Bc2 Nc5 29. Kg2 a5 30. b4 axb4 31. cxb4 Ne6 32. Bd1 Nd4 33. a4 bxa4 34. Bxa4 Ke6 35. Bd1 Bd6 36. f4 exf4 37. Bxh5 gxh4 38. Kh3 Ke5 39. f3 Ne2 40. Be8 Bxb4 41. Bxc6 Nd4 42. Bb7 Nxf3 43. Bc6 Bc5 44. Bb7 Be3 45. Bc6 Nd4 46. Bb7 Ne6 47. Kxh4 Ng5 48. Kg4 Nxe4 49. Kf3 Nd6 50. Bc6 Nf5 51. Bb7 Nd4+ 52. Kg2 Kd6 53. Be4 Kc5 54. Bb7 Kc4 55. Be4 Nb3 56. Bb7 Kd3 57. Ba6+ Ke4 58. Bb7+ Kd4 59. Bc6 Nc5 60. Kf3 Nd3 61. Bb7 Ne5+ 62. Kg2 Kd3 63. Ba6+ Kd2 64. Bb7 Ng6 65. Be4 Ke2 66. Bxg6 f3+ 67. Kh1 f2 68. Bh5+ Ke1 69. Bg3 Bf4 70. Bxf2+ 1/2-1/2

[Event "HUN-chT2 Erkel 0910"]
[Site "Hungary"]
[Date "2010.01.31"]
[Round "5.2"]
[White "Rozgonyi, Aron"]
[Black "Nagyajtai, Gabor"]
[Result "0-1"]
[WhiteElo "2184"]
[BlackElo "2179"]
[PlyCount "138"]
[EventDate "2009.11.08"]
[EventType "team-tourn"]
[EventRounds "11"]
[EventCountry "HUN"]
[SourceTitle "EXT 2011"]
[Source "ChessBase"]
[SourceDate "2010.11.26"]
[SourceVersion "1"]
[SourceVersionDate "2010.11.26"]
[SourceQuality "1"]
[WhiteTeam "Dunaharaszti"]
[BlackTeam "Godollo"]
[WhiteTeamCountry "HUN"]
[BlackTeamCountry "HUN"]

1. e4 c5 2. Nf3 d6 3. d4 cxd4 4. Nxd4 Nf6 5. Nc3 a6 6. Be3 e5 7. Nf3 Be7 8. Bc4 0-0 9. h3 Qc7 10. Bb3 Be6 11. 0-0 h6 12. Qd2 Nbd7 13. Bxe6 fxe6 14. Bxh6 gxh6 15. Qxh6 Rf7 16. Ng5 Bf8 17. Qg6+ Rg7 18. Qh6 Re8 19. Kh1 Rh7 20. Qg6+ Rg7 21. Qh6 Qd8 22. f4 Rh7 23. Qg6+ Rg7 24. Qh6 Rh7 25. Qg6+ Rg7 26. Qh6 Qe7 27. f5 Rh7 28. Qg6+ Rg7 29. Qh6 Rh7 30. Qg6+ Rg7 31. Qh6 exf5 32. Rxf5 Rh7 33. Qg6+ Rg7 34. Qh6 Rh7 35. Qg6+ Qg7 36. Qxg7+ Rxg7 37. Raf1 Be7 38. Ne6 Rg6 39. Nc7 Rf8 40. g4 Nc5 41. N7d5 Nxd5 42. Nxd5 Re8 43. Re1 Bh4 44. Re3 Ne6 45. Rc3 Nc5 46. Re3 Bg5 47. Re2 Ne6 48. c3 Kg7 49. Ref2 Bf4 50. Kg2 Rh8 51. Rf1 Rgh6 52. Rh1 Bd2 53. Rf2 Bg5 54. Rf5 Bd8 55. Rf3 Ng5 56. Re3 Ne6 57. Rf3 Rf8 58. Rhf1 Rxf3 59. Rxf3 Nc5 60. Ne3 Kg8 61. Nf5 Rg6 62. Re3 Bg5 63. Re2 Nd3 64. Kf3 Nf4 65. Rh2 Kf7 66. h4 Be7 67. g5 Ne6 68. Rd2 Nf8 69. Kg4 Nh7 0-1

[Event "HUN-chT2 Erkel 0910"]
[Site "Hungary"]
[Date "2009.11.22"]
[Round "2.3"]
[White "Rozgonyi, Aron"]
[Black "Kahn, Evarth"]
[Result "0-1"]
[WhiteElo "2184"]
[BlackElo "2227"]
[PlyCount "59"]
[EventDate "2009.11.08"]
[EventType "team-tourn"]
[EventRounds "11"]
[EventCountry "HUN"]
[SourceTitle "EXT 2011"]
[Source "ChessBase"]
[SourceDate "2010.11.26"]
[SourceVersion "1"]
[SourceVersionDate "2010.11.26"]
[SourceQuality "1"]
[WhiteTeam "Dunaharaszti"]
[BlackTeam "Budapest MTK"]
[WhiteTeamCountry "HUN"]
[BlackTeamCountry "HUN"]

1. e4 c5 2. Nf3 d6 3. d4 cxd4 4. Nxd4 Nf6 5. Nc3 g6 6. Be3 Bg7 7. Be2 0-0 8. 0-0 a6 9. Kh1 b5 10. Bf3 Bb7 11. e5 Bxf3 12. Qxf3 dxe5 13. Qxa8 exd4 14. Rad1 Qc7 15. Nd5 Nxd5 16. Qxd5 dxe3 17. fxe3 Qxc2 18. Rc1 Qxb2 19. e4 Bf6 20. Qb7 Qxa2 21. Rc8 Be5 22. Rfc1 Rxc8 23. Qxc8+ Kg7 24. Qc5 Qe6 25. Rd1 Nd7 26. Qb4 Nf6 27. h3 Bd6 28. Qd4 Qxe4 29. Qxe4 Nxe4 30. Ra1 0-1

[Event "HUN-chT2 Erkel 0910"]
[Site "Hungary"]
[Date "2009.11.08"]
[Round "1.3"]
[White "Matuska, Miklos"]
[Black "Rozgonyi, Aron"]
[Result "0-1"]
[WhiteElo "2132"]
[BlackElo "2184"]
[PlyCount "75"]
[EventDate "2009.11.08"]
[EventType "team-tourn"]
[EventRounds "11"]
[EventCountry "HUN"]
[SourceTitle "EXT 2011"]
[Source "ChessBase"]
[SourceDate "2010.11.26"]
[SourceVersion "1"]
[SourceVersionDate "2010.11.26"]
[SourceQuality "1"]
[WhiteTeam "Foti"]
[BlackTeam "Dunaharaszti"]
[WhiteTeamCountry "HUN"]
[BlackTeamCountry "HUN"]

1. Nf3 d5 2. g3 c6 3. Bg2 Nf6 4. b3 Bf5 5. 0-0 e6 6. Bb2 h5 7. d3 Nbd7 8. Nbd2 Qc7 9. h4 Bc5 10. Bd4 Bd6 11. Bxf6 gxf6 12. c4 Rg8 13. e4 dxe4 14. Nxe4 Bg4 15. Nxd6+ Qxd6 16. d4 f5 17. d5 cxd5 18. cxd5 e5 19. Qc2 f4 20. Ng5 Nf6 21. Rac1 Rc8 22. Ne4 Nxe4 23. Qxe4 Rxc1 24. Rxc1 fxg3 25. fxg3 Bd7 26. Kh2 Rg4 27. Qe3 f5 28. Bh3 f4 29. Qf3 fxg3+ 30. Kg2 Rxh4 31. Rh1 Bxh3+ 32. Rxh3 Rxh3 33. Kxh3 Qg6 34. Kg2 h4 35. Qc3 Qe4+ 36. Kh3 Kd7 37. d6 Kxd6 38. Qd2+ 0-1

[Event "HUN-chT2 Breyer 0809"]
[Site "Hungary"]
[Date "2009.04.19"]
[Round "11"]
[White "Rozgonyi, Aron"]
[Black "Juhasz, Mark"]
[Result "0-1"]
[WhiteElo "2136"]
[BlackElo "2211"]
[PlyCount "98"]
[EventDate "2008.10.26"]
[EventType "team-tourn"]
[EventRounds "11"]
[EventCountry "HUN"]
[SourceTitle "EXT 2010"]
[Source "ChessBase"]
[SourceDate "2010.11.25"]
[SourceVersion "1"]
[SourceVersionDate "2010.11.25"]
[SourceQuality "1"]
[WhiteTeam "Dunaharaszti II"]
[BlackTeam "Zsambek"]
[WhiteTeamCountry "HUN"]
[BlackTeamCountry "HUN"]

1. e4 c5 2. Nf3 d6 3. d4 cxd4 4. Nxd4 Nf6 5. Nc3 a6 6. Be2 e5 7. Nf3 Qc7 8. Bg5 Nbd7 9. 0-0 b5 10. Re1 Bb7 11. Bd3 h6 12. Bh4 Be7 13. Qd2 0-0 14. a3 Rac8 15. Rad1 Rfe8 16. Bf1 Qc5 17. Qe3 Qc7 18. Nd2 d5 19. exd5 Nxd5 20. Nxd5 Bxd5 21. Bxe7 Rxe7 22. Ne4 Bxe4 23. Qxe4 Nf6 24. Qe3 Qxc2 25. Rc1 Qf5 26. Qb6 Rc2 27. Rxc2 Qxc2 28. Qxa6 Qxb2 29. Bxb5 Qd2 30. Qc8+ Kh7 31. Qc1 Qa5 32. a4 e4 33. h3 g6 34. Rd1 e3 35. fxe3 Qb6 36. Rd3 Ne4 37. Qf1 Ng3 38. Qf2 Qc7 39. Rd1 Nf5 40. Qf4 Qc5 41. Kh2 Nxe3 42. Qd6 Qg5 43. Rg1 Ng4+ 44. Kh1 Nf2+ 45. Kh2 Ne4 46. Qd3 Qe5+ 47. g3 Nf2 48. Qf3 Ne4 49. Re1 Ng5 0-1

[Event "HUN-chT2 Breyer 0809"]
[Site "Hungary"]
[Date "2009.04.05"]
[Round "10"]
[White "Rozgonyi, Aron"]
[Black "Meixner, Ferenc"]
[Result "1/2-1/2"]
[WhiteElo "2136"]
[BlackElo "2126"]
[PlyCount "118"]
[EventDate "2008.10.26"]
[EventType "team-tourn"]
[EventRounds "11"]
[EventCountry "HUN"]
[SourceTitle "EXT 2010"]
[Source "ChessBase"]
[SourceDate "2010.11.25"]
[SourceVersion "1"]
[SourceVersionDate "2010.11.25"]
[SourceQuality "1"]
[WhiteTeam "Dunaharaszti II"]
[BlackTeam "Esztergom"]
[WhiteTeamCountry "HUN"]
[BlackTeamCountry "HUN"]

1. e4 c5 2. Nf3 e6 3. d4 cxd4 4. Nxd4 Nf6 5. Nc3 Nc6 6. Ndb5 d6 7. Bf4 e5 8. Bg5 a6 9. Na3 b5 10. Nd5 Qa5+ 11. Bd2 Qd8 12. Bg5 Qa5+ 13. Bd2 Qd8 14. Be3 Nxd5 15. Qxd5 Bb7 16. c4 b4 17. Nb1 Be7 18. Qd3 0-0 19. Nd2 f5 20. f3 Bh4+ 21. g3 Bg5 22. Bf2 Nd4 23. f4 fxe4 24. Nxe4 Bxe4 25. Qxe4 Bf6 26. Bd3 g6 27. 0-0 Kh8 28. Bxd4 exd4 29. Rfe1 Re8 30. Qd5 Re3 31. Be4 Rc8 32. b3 Rc5 33. Qe6 Qe7 34. Qxe7 Bxe7 35. Rxe3 dxe3 36. Rd1 Kg7 37. Kf1 Kf6 38. Ke2 h6 39. Kxe3 g5 40. Bd5 Rc7 41. fxg5+ Kxg5 42. Be4 Kf6 43. Rd5 Kg7 44. Bf5 Bf8 45. Ra5 Rc5 46. Rxc5 dxc5 47. Ke4 Kf6 48. Bc8 a5 49. Kd5 Be7 50. h4 Bf8 51. Bg4 Be7 52. Bd7 Bf8 53. Kc6 Ke5 54. g4 Be7 55. g5 hxg5 56. hxg5 Bxg5 57. Kxc5 Bd8 58. Bc8 Be7+ 59. Kb5 Bd8 1/2-1/2

[Event "HUN-chT2 Breyer 0809"]
[Site "Hungary"]
[Date "2008.10.26"]
[Round "1"]
[White "Szabo, Laszlo2222"]
[Black "Rozgonyi, Aron"]
[Result "1/2-1/2"]
[WhiteElo "2200"]
[BlackElo "2136"]
[PlyCount "64"]
[EventDate "2008.10.26"]
[EventType "team-tourn"]
[EventRounds "11"]
[EventCountry "HUN"]
[SourceTitle "EXT 2010"]
[Source "ChessBase"]
[SourceDate "2010.11.25"]
[SourceVersion "1"]
[SourceVersionDate "2010.11.25"]
[SourceQuality "1"]
[WhiteTeam "Gyor Komszomol"]
[BlackTeam "Dunaharaszti II"]
[WhiteTeamCountry "HUN"]
[BlackTeamCountry "HUN"]

1. e4 e5 2. Nf3 Nc6 3. Bb5 a6 4. Ba4 Nf6 5. d4 Nxd4 6. Nxd4 exd4 7. e5 Ne4 8. Qxd4 Nc5 9. Nc3 Be7 10. 0-0 0-0 11. Bg5 Nxa4 12. Bxe7 Nxc3 13. Qh4 Ne2+ 14. Kh1 Qe8 15. Bxf8 Qxf8 16. Rae1 b5 17. Rxe2 Bb7 18. Rd1 Bc6 19. Re3 Re8 20. Rh3 h6 21. Re3 Qc5 22. Rc3 Qb6 23. Qg3 b4 24. Re3 Re6 25. Qf4 Qc5 26. c3 bxc3 27. Rxc3 Qxe5 28. Qxe5 Rxe5 29. Re3 Rc5 30. Rc3 Re5 31. Re3 Rc5 32. Rc3 Re5 1/2-1/2

[Event "HUN-chT2 Maroczy 0304"]
[Site "Hungary"]
[Date "2003.10.05"]
[Round "2"]
[White "Rozgonyi, Aron"]
[Black "Szatmary, Revay Jozsef"]
[Result "0-1"]
[WhiteElo "2138"]
[BlackElo "2161"]
[PlyCount "118"]
[EventDate "2003.09.28"]
[EventType "team"]
[EventRounds "11"]
[EventCountry "HUN"]
[SourceTitle "EXT 2005"]
[Source "ChessBase"]
[SourceDate "2004.11.15"]
[SourceVersion "1"]
[SourceVersionDate "2004.11.15"]
[SourceQuality "1"]

1. e4 e6 2. d4 d5 3. Nd2 dxe4 4. Nxe4 Nf6 5. Bd3 Nbd7 6. Nf3 Be7 7. 0-0 b6 8. c3 Bb7 9. Qc2 Rc8 10. Bf4 0-0 11. Rad1 Nxe4 12. Bxe4 Bxe4 13. Qxe4 Nf6 14. Qb7 Bd6 15. Ne5 Qe8 16. h3 Nd5 17. Bh2 Bxe5 18. Bxe5 Qb5 19. a4 Qc4 20. b3 Qxc3 21. Rc1 Qxb3 22. a5 Qb5 23. axb6 Qxb6 24. Rb1 Qxb7 25. Rxb7 a5 26. Ra1 f6 27. Bg3 Ra8 28. Bxc7 Rf7 29. Rb8+ Rxb8 30. Bxb8 Rb7 31. Bd6 Ra7 32. Kf1 a4 33. Ke2 Ra6 34. Bc5 Nf4+ 35. Kf3 g5 36. g3 Nxh3 37. d5 Ra5 38. Be3 Rxd5 39. Kg4 Nxf2+ 40. Bxf2 Kg7 41. Rxa4 Kg6 42. Ra6 e5 43. Rc6 Rd3 44. Kh3 h5 45. Kg2 e4 46. Be1 Kf5 47. Bc3 Kg4 48. Bxf6 Rxg3+ 49. Kh2 Rf3 50. Be7 Rf7 51. Bb4 Rf5 52. Rc3 Rd5 53. Be7 Kf4 54. Rc5 Rxc5 55. Bxc5 Kf3 56. Be7 g4 57. Bh4 e3 58. Bg3 Ke2 59. Kg2 Kd1 0-1

[Event "HUN-chT2 Toth 0203"]
[Site "Hungary"]
[Date "2003.02.16"]
[Round "7"]
[White "Toth, Gabor"]
[Black "Rozgonyi, Aron"]
[Result "0-1"]
[WhiteElo "2158"]
[BlackElo "2162"]
[PlyCount "44"]
[EventDate "2002.09.22"]
[EventType "team"]
[EventRounds "11"]
[EventCountry "HUN"]
[SourceTitle "EXT 2009"]
[Source "ChessBase"]
[SourceDate "2008.11.26"]
[SourceVersion "1"]
[SourceVersionDate "2008.11.26"]
[SourceQuality "1"]

1. b3 d5 2. Bb2 Bf5 3. Nf3 c5 4. e3 Nc6 5. Bb5 e6 6. 0-0 Nf6 7. d3 Be7 8. Nbd2 0-0 9. Bxc6 bxc6 10. Re1 Qc7 11. e4 Bg4 12. h3 Bh5 13. Qe2 Nd7 14. Qe3 Rfe8 15. e5 Rab8 16. c4 f6 17. d4 Qb6 18. dxc5 Bxc5 19. Bd4 Bxd4 20. Qxd4 Nxe5 21. c5 Nxf3+ 22. Nxf3 Qb4 0-1

[Event "HUN-chT3 0102"]
[Site "Hungary"]
[Date "2002.04.07"]
[Round "10"]
[White "Rozgonyi, Aron"]
[Black "Czibulka, Zoltan"]
[Result "1/2-1/2"]
[WhiteElo "2162"]
[BlackElo "2215"]
[PlyCount "111"]
[EventDate "2001.09.30"]
[EventType "team"]
[EventRounds "11"]
[EventCountry "HUN"]
[SourceTitle "EXT 2004"]
[Source "ChessBase"]
[SourceDate "2003.11.25"]
[SourceVersion "1"]
[SourceVersionDate "2003.11.25"]
[SourceQuality "1"]

1. e4 e6 2. d4 d5 3. exd5 exd5 4. Bd3 Bd6 5. c3 Ne7 6. Bg5 f6 7. Bh4 Bf5 8. Nf3 c6 9. 0-0 0-0 10. Re1 Bxd3 11. Qxd3 Na6 12. Bg3 Bxg3 13. hxg3 Re8 14. Nbd2 Qd7 15. Re2 Nc7 16. Rae1 Qf5 17. Qxf5 Nxf5 18. g4 Nd6 19. g5 fxg5 20. Nxg5 Rxe2 21. Rxe2 Re8 22. Rxe8+ Ncxe8 23. Ngf3 Nf6 24. Ne5 Kf8 25. Nb3 Ke7 26. Nc5 Nfe4 27. Ncd3 Nf7 28. f3 Ned6 29. Kf2 Nd8 30. Kg3 a5 31. Nc5 Ne6 32. Na4 Nc8 33. b3 Kd6 34. Nf7+ Kc7 35. Nb2 b6 36. Nd3 c5 37. dxc5 bxc5 38. Nf4 Nxf4 39. Kxf4 Nd6 40. Ng5 Nb5 41. c4 dxc4 42. bxc4 Nd6 43. Ne6+ Kc6 44. Nxg7 Nxc4 45. Ke4 Nd6+ 46. Ke5 c4 47. Kd4 Kb5 48. f4 Kb4 49. f5 Ka3 50. f6 Kxa2 51. Ne8 Nf7 52. Kxc4 Kb2 53. Kd4 a4 54. Nd6 Ng5 55. g4 Kc2 56. Nb5 1/2-1/2

[Event "HUN-chT2 Maroczy 0001"]
[Site "Hungary"]
[Date "2001.02.25"]
[Round "7"]
[White "Rozgonyi, Aron"]
[Black "Seres, Bela"]
[Result "0-1"]
[WhiteElo "2243"]
[BlackElo "2273"]
[PlyCount "68"]
[EventDate "2000.11.26"]
[EventType "team"]
[EventRounds "11"]
[EventCountry "HUN"]
[SourceTitle "EXT 2007"]
[Source "ChessBase"]
[SourceDate "2006.11.23"]
[SourceVersion "1"]
[SourceVersionDate "2006.11.23"]
[SourceQuality "1"]
[WhiteTeam "Kecskemet Szechenyi"]
[BlackTeam "Foti"]
[WhiteTeamCountry "HUN"]
[BlackTeamCountry "HUN"]

1. e4 c5 2. Nf3 g6 3. d4 Bg7 4. c3 cxd4 5. Nxd4 Nc6 6. Be3 Nf6 7. Nd2 0-0 8. h3 e5 9. Nb5 d5 10. Bc5 dxe4 11. Bxf8 Qxf8 12. Nc4 Be6 13. Nc7 Bxc4 14. Bxc4 Rd8 15. Qe2 Na5 16. Nb5 e3 17. Na3 Rd2 18. Qxe3 Rxb2 19. Qxe5 Qxa3 20. Rd1 Nxc4 21. Rd8+ Bf8 22. Qxf6 Rb1+ 23. Rd1 Rxd1+ 24. Kxd1 Qxa2 25. Qf4 Qb1+ 26. Qc1 Qd3+ 27. Ke1 Bg7 28. f3 Bxc3+ 29. Kf2 Bd4+ 30. Kg3 Be5+ 31. Kf2 Qd4+ 32. Ke2 Bf4 33. Qc2 Qe5+ 34. Kd3 Nb2+ 0-1

[Event "HUN-chT2 Maroczy 0001"]
[Site "Hungary"]
[Date "2000.12.17"]
[Round "3"]
[White "Rozgonyi, Aron"]
[Black "Heindrich, Janos"]
[Result "0-1"]
[WhiteElo "2243"]
[BlackElo "2181"]
[PlyCount "80"]
[EventDate "2000.11.26"]
[EventType "team"]
[EventRounds "11"]
[EventCountry "HUN"]
[SourceTitle "EXT 2007"]
[Source "ChessBase"]
[SourceDate "2006.11.23"]
[SourceVersion "1"]
[SourceVersionDate "2006.11.23"]
[SourceQuality "1"]
[WhiteTeam "Kecskemet Szechenyi"]
[BlackTeam "Sarospatak II"]
[WhiteTeamCountry "HUN"]
[BlackTeamCountry "HUN"]

1. e4 e5 2. Nf3 Nc6 3. Bb5 f5 4. d4 Nxd4 5. Nxd4 exd4 6. 0-0 Nf6 7. e5 Ne4 8. f3 Nc5 9. Qxd4 Ne6 10. Qc3 g6 11. Be3 c6 12. Bc4 d5 13. exd6 Bg7 14. Qa3 b5 15. Be2 0-0 16. Rd1 Bd7 17. c3 Qf6 18. Bf1 Qe5 19. Bf2 g5 20. Nd2 c5 21. Nb3 Rfc8 22. Qa6 c4 23. Nd4 Nc5 24. Qa5 Rcb8 25. b3 Nb7 26. Qa3 Bf8 27. bxc4 Bxd6 28. Bg3 f4 29. Qb3 Nc5 30. Qc2 fxg3 31. Re1 gxh2+ 32. Kh1 Qg7 33. cxb5 Re8 34. Bc4+ Kh8 35. a4 Bg3 36. Re2 g4 37. a5 gxf3 38. Nxf3 Bg4 39. Ne1 Bxe1 40. b6 axb6 0-1

[Event "HUN-chT2 Maroczy 0001"]
[Site "Hungary"]
[Date "2000.12.03"]
[Round "2"]
[White "Hogye, Imre"]
[Black "Rozgonyi, Aron"]
[Result "1/2-1/2"]
[WhiteElo "2154"]
[BlackElo "2243"]
[PlyCount "25"]
[EventDate "2000.11.26"]
[EventType "team"]
[EventRounds "11"]
[EventCountry "HUN"]
[SourceTitle "EXT 2007"]
[Source "ChessBase"]
[SourceDate "2006.11.23"]
[SourceVersion "1"]
[SourceVersionDate "2006.11.23"]
[SourceQuality "1"]
[WhiteTeam "Ujszasz"]
[BlackTeam "Kecskemet Szechenyi"]
[WhiteTeamCountry "HUN"]
[BlackTeamCountry "HUN"]

1. d4 d5 2. c4 c6 3. Nc3 Nf6 4. Nf3 e6 5. Bg5 dxc4 6. e4 b5 7. e5 h6 8. Bh4 g5 9. Nxg5 hxg5 10. Bxg5 Be7 11. exf6 Bxf6 12. Bxf6 Qxf6 13. g3 1/2-1/2